| 000 | 00356nam a2200145Ia 4500 | ||
|---|---|---|---|
| 008 | 230711s9999||||xx |||||||||||||| ||und|| | ||
| 041 | _aENG | ||
| 082 |
_a720 _bWI-A |
||
| 100 | _aWiggins,Glenn | ||
| 245 | 2 | _aA manual of construction documentation | |
| 250 | _a1st Ed. | ||
| 260 |
_c1991 _aNew York _bWatson-Guptill |
||
| 650 | _aArchitecture | ||
| 942 | _cBK | ||
| 999 |
_c2656 _d2656 |
||